French's index of differential diagnosis / (Record no. 611574)
[ view plain ]
| 000 -LEADER | |
|---|---|
| fixed length control field | 00756nam a22002057a 4500 |
| 020 ## - INTERNATIONAL STANDARD BOOK NUMBER | |
| International Standard Book Number | 0723607850 |
| 040 ## - CATALOGING SOURCE | |
| Transcribing agency | PAK-NSHSNUST |
| 082 00 - DEWEY DECIMAL CLASSIFICATION NUMBER | |
| Classification number | 616.075 |
| Author Mark | FRE |
| 100 1# - MAIN ENTRY--PERSONAL NAME | |
| Personal name | French, Herbert, |
| Dates associated with a name | 1875-1951. |
| 9 (RLIN) | 126214 |
| 245 10 - TITLE STATEMENT | |
| Title | French's index of differential diagnosis / |
| Statement of responsibility, etc. | edited by F. Dudley Hart. |
| 250 ## - EDITION STATEMENT | |
| Edition statement | Twelfth Edition. |
| Remainder of edition statement | edited by F. Dudley Hart. |
| 260 ## - PUBLICATION, DISTRIBUTION, ETC. | |
| Place of publication, distribution, etc. | Bristol : |
| Name of publisher, distributor, etc. | Wright, |
| Date of publication, distribution, etc. | 1985. |
| 300 ## - PHYSICAL DESCRIPTION | |
| Extent | xi; 1032, pages. |
| Dimensions | 24.5 cm |
| Other physical details | illus. |
| 500 ## - GENERAL NOTE | |
| General note | Includes bibliographical references and indexes. |
| 546 ## - LANGUAGE NOTE | |
| Language note | In English |
| 650 #0 - SUBJECT ADDED ENTRY--TOPICAL TERM | |
| Topical term or geographic name entry element | Diagnosis, Differential |
| General subdivision | Encyclopedias. |
| 9 (RLIN) | 126215 |
| 700 1# - ADDED ENTRY--PERSONAL NAME | |
| Personal name | Hart, F. Dudley |
| Fuller form of name | (Francis Dudley) |
| 9 (RLIN) | 126216 |
| 942 ## - ADDED ENTRY ELEMENTS (KOHA) | |
| Source of classification or shelving scheme | |
| Koha item type | Book |
| Withdrawn status | Lost status | Source of classification or shelving scheme | Damaged status | Not for loan | Permanent Location | Current Location | Shelving location | Date acquired | Source of acquisition | Cost, normal purchase price | Full call number | Barcode | Date last seen | Cost, replacement price | Price effective from | Koha item type |
|---|---|---|---|---|---|---|---|---|---|---|---|---|---|---|---|---|
| NUST School of Health Sciences (NSHS) | NUST School of Health Sciences (NSHS) | General Stacks | 09/20/2024 | Donation | 5590.00 | 616.075 FRE | NSHS-1800 | 09/20/2024 | 11180.00 | 09/20/2024 | Book |
